Statistics for No Doubt Discography

Click here to take the quiz!

General Stats

  • This quiz has been taken 9 times
  • The average score is 7 of 14

Answer Stats

Type Year Name % Correct
Album1992No Doubt
88%
Album1995Tragic Kingdom
88%
Album2001Rock Steady
88%
Compilation2003The Singles 1992-2003
75%
Album1995The Beacon Street Collection
63%
Album2000Return of Saturn
63%
Album2012Push and Shove
63%
Video Album1997Live in the Tragic Kingdom
38%
Box Set2003Boom Box
38%
Video Album2003Rock Steady Live
38%
Music Video Compilation2004The Videos 1992-2003
38%
Compilation2004Everything in Time (B-Sides, Rarities, Remixes)
38%
Reissued Compilation2010Icon
13%
Box Set1997Collector's Orange Crate
0%

Score Distribution

Percentile by Number Answered

Percent of People with Each Score

Your Score History

You have not taken this quiz